Brněnské veletrhy a výstavy výroční zpráva 1991

Enregistré dans:
Détails bibliographiques
Format: Livre
Langue:tchèque
allemand
anglais
français
Publié: Brno BVV 1992
Tags: Ajouter un tag
Pas de tags, Soyez le premier à ajouter un tag!

MARC

LEADER 00000nam a2200000 4500
001 c003417
005 20221214085331.6
041 0 |a cze 
041 0 |a ger 
041 0 |a eng 
041 0 |a fre 
044 |a CZ 
245 1 0 |a Brněnské veletrhy a výstavy  |b výroční zpráva 1991 
264 1 |a Brno  |b BVV  |c 1992 
300 |a 52 s.